| 000 | 00974nam a22002411i 4500 | ||
|---|---|---|---|
| 001 | 000030322 | ||
| 003 | RuMoIPM | ||
| 005 | 20260416110724.0 | ||
| 008 | 130415s1947----ur | c rus | ||
| 040 |
_aRuMoIPM _brus _ercr |
||
| 041 | 1 |
_arus _heng |
|
| 044 | _aru | ||
| 080 | _a51(0.062) | ||
| 100 | 1 | _aКурант, Рихард | |
| 245 | 1 |
_aЧто такое математика _bЭлементарный очерк идей и методов _cР. Курант, Г. Роббинс ; Пер. с англ. под ред. проф. В. Л. Гончарова |
|
| 260 |
_aМосква _aЛенинград _bГостехиздат _c1947 |
||
| 300 |
_a664 с. _bчерт. |
||
| 500 | _aПеред загл. авт.: Р. Курант и Г. Роббинс | ||
| 500 | _aПер. изд. : What is mathematics? / Courant R., Robbins H. - London etc., Б.г. | ||
| 700 | 1 | _aРоббинс, Герберт | |
| 700 | 1 |
_aГончаров, В. Л. _eред. |
|
| 942 | _cBK | ||
| 999 |
_c30322 _d30322 |
||